000
00317nam a2200109Ia 4500
008
200302s9999 xx 000 0 und d
100
_a
Joseph Choma
245
_a
Morphing A Guide to mathematical transformations for architects and designers
260
_b
Laurence King Publishing Ltd.,
260
_c
2015
300
_a
231
999
_c
7401
_d
7401